000
00330nam a2200145Ia 4500
008
230718s9999 xx 000 0 und d
041
_a
Eng.
082
_a
577.32
_b
QUA-T
100
_a
Quammer David
245
4
_a
The Song of the Dado
260
_a
Pakistan
_b
Michael Grac
_c
1996
300
_a
702
650
_a
Law
999
_c
26166
_d
26166